000 00274nam a22001097a 4500
008 160406b xxu||||| |||| 00| 0 eng d
020 _a0824784800
082 _a351 HED
100 _aRABIN.
245 _aPUBLIC ADMINISTRATION.
260 _aBOCARATON;
_bTAYLOR AND FRANCIS,
_c2006.
999 _c4104
_d4104